Britain by Picture - 6 - Statistics

General Stats
  • This quiz has been taken 353 times
    249 since last reset
  • The average score is 11 of 20
Answer Stats
Picture Hint Answer % Correct
National dish? Fish and Chips
96%
Emergency number 999
87%
London icon Double-decker bus
82%
British 'crosswalk' Zebra crossing
78%
King in the car park Richard III
76%
County Kent
75%
Police HQ New Scotland Yard
75%
East or West? {Greenwich} Meridian
73%
Nickname The Gunners
73%
Welsh actor Anthony Hopkins
66%
Great Exhibition 1851 Crystal Palace
61%
Historical collection British Museum
53%
One ring to rule Lord of the Rings
53%
Boat song Isle of Skye
36%
Safety lamp Sir Humphry Davy
36%
Six balls, no runs {Maiden} over
35%
Per Ardua Ad Astra Royal Air Force
34%
Natural phenomenon Severn {Bore}
23%
Merchant Navy flag Red Ensign
22%
The Fair City Perth
10%
No matching quizzes found
Score Distribution
Percent of People with Each Score
Percentile by Number Answered
Your Score History
You have not taken this quiz since the last reset